Vermeidung von Armut im Alter durch eine obligatorische beitragsfinanzierte Mindestversicherung - Leopold Krugs Plan einer "Armenassekuranz" von 1810.

Analýza návrhu Leopolda Kruga. Návrh obsahuje dva typy poistenia: povinné poistenie, ktoré zaplatí manžel v prospech svojej ženy a detí (vdovská a sirotská penzia) ako podmienku pre získanie povolenia k sobášu, a povinné dôchodkové poistenie, ktoré platia všetci nad 20 rokov.

Saved in:
Bibliographic Details
Main Author: Schmähl, W.
Format: Book Chapter
Language:German
Subjects:
Tags: Add Tag
No Tags, Be the first to tag this record!

MARC

LEADER 00000naa a2200000 4500
001 r009198
005 20221130113036.9
041 0 |a ger 
044 |a DE 
245 1 0 |a Vermeidung von Armut im Alter durch eine obligatorische beitragsfinanzierte Mindestversicherung - Leopold Krugs Plan einer "Armenassekuranz" von 1810.  |c W. Schmähl 
520 |a Analýza návrhu Leopolda Kruga. Návrh obsahuje dva typy poistenia: povinné poistenie, ktoré zaplatí manžel v prospech svojej ženy a detí (vdovská a sirotská penzia) ako podmienku pre získanie povolenia k sobášu, a povinné dôchodkové poistenie, ktoré platia všetci nad 20 rokov. 
610 2 0 |a poistenie 
610 2 0 |a dejiny hospodárske 
610 2 0 |a Krug, L. 
610 2 0 |a 1810 
610 2 0 |a poistenie dôchodkové 
610 2 0 |a poistenie sociálne 
100 1 |a Schmähl, W.